| 000 | 00343nam a2200133Ia 4500 | ||
|---|---|---|---|
| 008 | 191014s9999 xx 000 0 und d | ||
| 020 | _a0-226-87033-2 | ||
| 082 |
_a530.11 _bWAL |
||
| 100 |
_aRobert M.Wald _920303 |
||
| 245 | 0 | _aGeneral Relativity | |
| 260 |
_aUSA _bUniversities of Chicago press _c1984 |
||
| 300 | _aXiii,491 | ||
| 942 | _cBK | ||
| 999 |
_c530874 _d530874 |
||